| 000 | 00363nam a22001457a 4500 | ||
|---|---|---|---|
| 020 | _a9780072398847 | ||
| 040 | _cNust | ||
| 082 |
_a658.848 _bCAT |
||
| 100 |
_aCATEORA _9127616 |
||
| 245 | _aInternational Marketing | ||
| 250 | _aELEVENTH | ||
| 260 |
_aBoston: _bIrwin Professional Pub, _c2002. |
||
| 650 |
_a International Marketing _9123381 |
||
| 942 |
_2ddc _cBK |
||
| 999 |
_c612690 _d612690 |
||